La cultura política de la democracia en la República Dominicana y en las Américas, 2016/2017 : (Registro nro. 15050)

Detalles MARC
000 -LEADER
fixed length control field 01197nam a2200301 a 4500
001 - CONTROL NUMBER
control field
003 - CONTROL NUMBER IDENTIFIER
control field DO-SdBPM
005 - DATE AND TIME OF LATEST TRANSACTION
control field 20250514102421.0
008 - FIXED-LENGTH DATA ELEMENTS--GENERAL INFORMATION
fixed length control field 090706s2017 dr ad 001 0 spa d
040 ## - CATALOGING SOURCE
Original cataloging agency DO-SdBPM
Language of cataloging spa
Transcribing agency BPMSU
082 #4 - DEWEY DECIMAL CLASSIFICATION NUMBER
Classification number 321.8097293
Item number ES77c 2017
Edition number 22
100 1# - MAIN ENTRY--PERSONAL NAME
Personal name Espinal, Rosario
245 04 - TITLE STATEMENT
Title La cultura política de la democracia en la República Dominicana y en las Américas, 2016/2017 :
Remainder of title un estudio comparado sobre democracia y gobernabilidad/
Statement of responsibility, etc. Rosario Espinal, Jana Morgan
260 ## - PUBLICATION, DISTRIBUTION, ETC. (IMPRINT)
Place of publication, distribution, etc. Santo Domingo :
Name of publisher, distributor, etc. El Pueblo de los Estados Unidos de América,
Date of publication, distribution, etc. 2017
300 ## - PHYSICAL DESCRIPTION
Extent 228 p. ;
Dimensions 24 cm.
Other physical details
500 ## - GENERAL NOTE
General note Incluye referencias bibliográficas y notas al pie de las páginas
504 ## - BIBLIOGRAPHY, ETC. NOTE
Bibliography, etc Bibliografía : p 175-186
590 ## - LOCAL NOTE (RLIN)
Local note Inventariado, 2025/VM
650 #4 - SUBJECT ADDED ENTRY--TOPICAL TERM
Topical term or geographic name as entry element Democracia
Geographic subdivision República Dominicana
650 #4 - SUBJECT ADDED ENTRY--TOPICAL TERM
Topical term or geographic name as entry element Cultura política
Geographic subdivision República Dominicana
651 #4 - SUBJECT ADDED ENTRY--GEOGRAPHIC NAME
Geographic name República Dominicana
General subdivision Política y gobierno.
Geographic subdivision
651 #4 - SUBJECT ADDED ENTRY--GEOGRAPHIC NAME
Geographic name
700 1# - ADDED ENTRY--PERSONAL NAME
Personal name Morgan, Jana
Relator term autor
Dates associated with a name
710 1# - ADDED ENTRY--CORPORATE NAME
Corporate name or jurisdiction name as entry element Instituto Tecnológico de Santo Domingo
710 1# - ADDED ENTRY--CORPORATE NAME
Corporate name or jurisdiction name as entry element El Pueblo de Los Estados Unidos de América
910 ## - USER-OPTION DATA (OCLC)
User-option data VMateo V. Control de calidad. BPMSU
942 ## - ADDED ENTRY ELEMENTS (KOHA)
Source of classification or shelving scheme Dewey Decimal Classification
Koha item type Libros
Existencias
Withdrawn status Lost status Source of classification or shelving scheme Damaged status Not for loan Collection code Home library Current library Date acquired Source of acquisition Total Checkouts Full call number Barcode Date last seen Price effective from Koha item type
    Dewey Decimal Classification     Colección Dominicana Biblioteca Pública Metropolitana Salomé Ureña Biblioteca Pública Metropolitana Salomé Ureña 05/14/2025 Víctor Hugo   BPMSU CD 321.8097293 ES77c 2017 BPMSU25050023 05/14/2025 05/14/2025 Libros